Evaluación experimental del sistema prefabricado de columnas y baldosas bajo la aplicación de cargas perpendiculares al plano de la pared.

Gespeichert in:
Bibliographische Detailangaben
1. Verfasser: Bogantes Sánchez, Víctor Andrey
Weitere Verfasser: Villalobos Ramírez, Francisco, 1986- Director del TFG
Format: Unbekannt
Sprache:Spanish
Veröffentlicht: [San José ], Costa Rica 2020
Schlagworte:
Tags: Tag hinzufügen
Keine Tags, Fügen Sie den ersten Tag hinzu!

MARC

LEADER 00000 a2200000 4500
003 013182
005 20230309131446.0
008 140114s2020 xx a 000 ||spa d
040 |c cru CEDI 
100 |a  Bogantes Sánchez, Víctor Andrey  |9 19498 
245 |a Evaluación experimental del sistema prefabricado de columnas y baldosas bajo la aplicación de cargas perpendiculares al plano de la pared. 
260 |a [San José ], Costa Rica  |c 2020 
500 |a Proyecto de graduación (licenciatura en ingeniería civil)--Universidad de Costa Rica. Facultad de Ingeniería. Escuela de Ingeniería Civil. 
501 |a Director de Proyecto de Graduación: Ing. Francisco Villalobos Ramírez, M.Sc.  
650 |x COLUMNAS DE HORMIGON - PRUEBAS  |x BALDOSAS - PRUEBAS   |x CONSTRUCCIONES PREFABRICADAS - EVALUACION  |x ESFUERZO Y TENSION - PRUEBAS  |x MUROS DE HORMIGON - PRUEBAS  |x RESISTENCIA DE MATERIALES - PRUEBAS  
700 |9 172  |a Villalobos Ramírez, Francisco, 1986-  |d Director del TFG 
942 |c CEDI  |h TFG 8332  |6 TFG_8332_000000000000000 
999 |c 13010  |d 13010